000 00497nam a2200181Ia 4500
001 19124
005 20260306171721.0
008 260306s9999||||xx |||||||||||||| ||und||
041 _aESP
082 _a658.8
_bL88
100 _aLópez-Tenorio, Pablo J.
_eAUT
245 0 _aEl ROI como métrica de la eficacia del marketing:
_bcálculo a través de métodos cuantitativos
260 _c2013
300 _a44 páginas :
_c29 cm.
650 _aGEN
654 _aCAN
942 _cLIB
_dJUS
_fJUS
_2ddc
_n
999 _c19124
_d19124